000 00428nam a2200181Ia 4500
001 24004
005 20260414151015.0
008 260414t2018||||xx |||||||||||||| ||spa||
041 _aESP
082 _a745.50985
_bI59C
100 _a\N
_eAUT
245 0 _aNacimientos "Navidad es Jesús" :
_batálogo
260 _c2018
300 _a61 páginas :
_c24 cm.
650 _aABD
654 _aCAU
942 _cLIB
_dJUS
_fJUS
_2ddc
_n
999 _c24004
_d24004